Bezpečnosť podniku

Vymedzenie pojmu bezpečnosť podniku. Právne aspekty ochrany bezpečnosti podniku. Systémový prístup k bezpečnosti podniku.

Enregistré dans:
Détails bibliographiques
Auteur principal: Kormancová, Gabriela
Format: Chapitre de livre
Langue:slovaque
Sujets:
Tags: Ajouter un tag
Pas de tags, Soyez le premier à ajouter un tag!

MARC

LEADER 00000naa$a2200000$$$4500
001 0073587
005 20231113113340.6
041 0 |a slo 
044 |a SK 
245 1 0 |a Bezpečnosť podniku  |c Gabriela Kormancová 
520 |a Vymedzenie pojmu bezpečnosť podniku. Právne aspekty ochrany bezpečnosti podniku. Systémový prístup k bezpečnosti podniku. 
610 2 0 |a bezpečnosť 
610 2 0 |a podnik 
610 2 0 |a ochrana majetku 
610 2 0 |a úpravy právne 
610 2 0 |a politika bezpečnostná 
610 2 0 |a zákonník práce 
100 1 |a Kormancová, Gabriela